Southville International School and Colleges
Your cart is empty.
  • Cart
  • Lists
    Public lists Eva Luna New books Lux_list list_1
    Your lists Log in to create your own lists
  • Log in to your account
  • Your cookies
  • Search history
Southville International School and Colleges
  • Advanced search
  • Recent comments
  • Most popular
  • Libraries

Log in to your account

Log in with GOOGLE


If you do not have an external account, but do have a local account, you can still log in:

  1. Home
  2. MARC view: Rowan of Rin /
Normal view MARC view ISBD view

Rowan of Rin / (Record no. 33616)

[ view plain ]
MARC details
000 -LEADER
fixed length control field 01038cam a2200301 a 4500
001 - CONTROL NUMBER
control field 1133472
003 - CONTROL NUMBER IDENTIFIER
control field OSt
005 - DATE AND TIME OF LATEST TRANSACTION
control field 20140310184324.0
008 - FIXED-LENGTH DATA ELEMENTS--GENERAL INFORMATION
fixed length control field 940622s1993 at j 000 1 eng
010 ## - LIBRARY OF CONGRESS CONTROL NUMBER
LC control number 94174735
020 ## - INTERNATIONAL STANDARD BOOK NUMBER
International Standard Book Number 0439385652
040 ## - CATALOGING SOURCE
Original cataloging agency DLC
Transcribing agency DLC
042 ## - AUTHENTICATION CODE
Authentication code lcac
050 00 - LIBRARY OF CONGRESS CALL NUMBER
Classification number PZ 7
Item number .R5996 2002
100 1# - MAIN ENTRY--PERSONAL NAME
Personal name Rodda, Emily.
9 (RLIN) 20594
245 10 - TITLE STATEMENT
Title Rowan of Rin /
Statement of responsibility, etc Emily Rodda.
260 ## - PUBLICATION, DISTRIBUTION, ETC. (IMPRINT)
Place of publication, distribution, etc Norwood, S.A. :
Name of publisher, distributor, etc scholastic,
Date of publication, distribution, etc 2002.
300 ## - PHYSICAL DESCRIPTION
Extent 151 p. :
Dimensions 19 cm.
520 ## - SUMMARY, ETC.
Summary, etc Because only he can read the magical map, young, weak, and timid Rowan joins six other villagers to climb a mountain and try to restore their water supply, as fears of a dragon and other horrors threaten to drive them back.
521 ## - TARGET AUDIENCE NOTE
Target audience note
526 ## - STUDY PROGRAM INFORMATION NOTE
Reading level 660
650 #1 - SUBJECT ADDED ENTRY--TOPICAL TERM
Topical term or geographic name as entry element Heroes
Form subdivision Fiction.
9 (RLIN) 23683
650 #1 - SUBJECT ADDED ENTRY--TOPICAL TERM
Topical term or geographic name as entry element Fantasy.
9 (RLIN) 3293
906 ## - LOCAL DATA ELEMENT F, LDF (RLIN)
a 7
b cbc
c orignew
d 2
e ncip
f 19
g y-gencatlg
942 ## - ADDED ENTRY ELEMENTS (KOHA)
Source of classification or shelving scheme Library of Congress Classification
Koha item type
Holdings
Withdrawn status Lost status Source of classification or shelving scheme Damaged status Home library Current library Shelving location Date acquired Total Checkouts Full call number Barcode Date last seen Copy number Price effective from Koha item type
    Library of Congress Classification   Luxembourg Library Luxembourg Library Scholastic Reading Center Section 10/03/2013   PZ 7 .R5996 2002 LEX0737 04/18/2017 1 10/03/2013 Books
    Library of Congress Classification   Luxembourg Library Luxembourg Library Scholastic Reading Center Section 10/07/2013   PZ 7 .R5996 2002 LEX0738 04/18/2017 1 10/07/2013 Books

Rowan of Rin /

APA

Rodda E., . (2002). Rowan of Rin. Norwood, S.A: scholastic.

Chicago

Rodda Emily, . 2002. Rowan of Rin. Norwood, S.A: scholastic.

Harvard

Rodda E., . (2002). Rowan of Rin. Norwood, S.A: scholastic.

MLA

Rodda Emily, . Rowan of Rin. Norwood, S.A: scholastic. 2002.

  • Place hold
  • Print
  • Cite
  • Add to your cart (remove)
  • Save record
    BIBTEX Dublin Core MARCXML MARC (non-Unicode/MARC-8) MARC (Unicode/UTF-8) MARC (Unicode/UTF-8, Standard) MODS (XML) RIS
  • More searches
    Search for this title in:
    Other Libraries (WorldCat) Other Databases (Google Scholar) Online Stores (Bookfinder.com) Open Library (openlibrary.org)

Exporting to Dublin Core...

SOUTHVILLE LIBRARY

Southville International School and Colleges Library

1281 Tropical Ave. Cor. Luxembourg St., BF Homes International, Las Pinas City

Tel. No. 8256374 / 252358 Loc. 117/146

Powered by Koha